| 000 | 00487nam a2200169 a 4500 | ||
|---|---|---|---|
| 005 | 20140310183544.0 | ||
| 008 | 110930s19uu xx 00 eng d | ||
| 020 | _a9781592537051 | ||
| 050 |
_aTS 195.4 _b.On58 2008 |
||
| 245 |
_a1000 package designs : _ba comprehensive guide to packing it / |
||
| 260 |
_aChicago : _bRockport publishers, _c2008. |
||
| 300 |
_a440 p. : _bcol. ill. ; _c16 cm. |
||
| 521 | _aMC | ||
| 650 | _aPackaging design | ||
| 942 |
_cBK _2lcc _kFOR |
||
| 999 |
_c24847 _d24847 |
||